The challenge of developing intra-African trade / (Record no. 2736)
[ view plain ]
| 000 -LEADER | |
|---|---|
| fixed length control field | 00705nam a2200241 i 4500 |
| 001 - CONTROL NUMBER | |
| control field | 846287 |
| 003 - CONTROL NUMBER IDENTIFIER | |
| control field | OSt |
| 005 - DATE AND TIME OF LATEST TRANSACTION | |
| control field | 20230626134345.0 |
| 008 - FIXED-LENGTH DATA ELEMENTS--GENERAL INFORMATION | |
| fixed length control field | 810501s1977 ke b 001 0 eng |
| 010 ## - LIBRARY OF CONGRESS CONTROL NUMBER | |
| LC control number | 77980995 |
| 040 ## - CATALOGING SOURCE | |
| Original cataloging agency | DLC |
| Transcribing agency | DLC |
| Modifying agency | DLC |
| 043 ## - GEOGRAPHIC AREA CODE | |
| Geographic area code | f------ |
| 082 00 - DEWEY DECIMAL CLASSIFICATION NUMBER | |
| Classification number | 332.154 |
| Edition number | CHI |
| 100 1# - MAIN ENTRY--PERSONAL NAME | |
| Personal name | Chileshe, Jonathan H. |
| 245 14 - TITLE STATEMENT | |
| Title | The challenge of developing intra-African trade / |
| Statement of responsibility, etc. | Jonathan H. Chileshe. |
| 260 ## - PUBLICATION, DISTRIBUTION, ETC. (IMPRINT) | |
| Place of publication, distribution, etc. | Nairobi : |
| Name of publisher, distributor, etc. | East African Literature Bureau, |
| Date of publication, distribution, etc. | 1977. |
| 300 ## - PHYSICAL DESCRIPTION | |
| Extent | xvii, 257 p. ; |
| Dimensions | 22 cm. |
| 500 ## - GENERAL NOTE | |
| General note | Includes index. |
| 504 ## - BIBLIOGRAPHY, ETC. NOTE | |
| Bibliography, etc | Bibliography: p. [245]-246. |
| 651 #0 - SUBJECT ADDED ENTRY--GEOGRAPHIC NAME | |
| Geographic name | Africa |
| General subdivision | Commerce. |
| 906 ## - LOCAL DATA ELEMENT F, LDF (RLIN) | |
| a | 7 |
| b | cbc |
| c | orignew |
| d | 4 |
| e | ncip |
| f | 19 |
| g | y-gencatlg |
| 942 ## - ADDED ENTRY ELEMENTS (KOHA) | |
| Source of classification or shelving scheme | Dewey Decimal Classification |
| Koha item type | Books |
| Withdrawn status | Lost status | Source of classification or shelving scheme | Damaged status | Not for loan | Home library | Current library | Date acquired | Total Checkouts | Full call number | Barcode | Date last seen | Price effective from | Koha item type |
|---|---|---|---|---|---|---|---|---|---|---|---|---|---|
| Dewey Decimal Classification | County Hall Archives | County Hall Archives | 06/26/2023 | 332.154 | 10001006 | 06/26/2023 | 06/26/2023 | Books | |||||
| Dewey Decimal Classification | County Hall Archives | County Hall Archives | 06/26/2023 | 332.154 | 10001005 | 06/26/2023 | 06/26/2023 | Books | |||||
| Dewey Decimal Classification | County Hall Archives | County Hall Archives | 06/26/2023 | 332.154 CHI | 10000352 | 06/26/2023 | 06/26/2023 | Books |
